|
|
|
|
| LEADER |
00987nam a2200265 u 4500 |
| 001 |
10085293 |
| 003 |
upatras |
| 005 |
20210117202525.0 |
| 008 |
100519s1994 ii eng |
| 020 |
|
|
|a 8174330003
|
| 040 |
|
|
|a GR-PaULI
|c GR-PaULI
|
| 041 |
0 |
|
|a eng
|
| 082 |
0 |
4 |
|a 657.458
|
| 100 |
1 |
|
|a Maitin, T.P.
|4 aut
|9 87486
|
| 245 |
1 |
0 |
|a Audit management
|c T.P. Maitin
|
| 260 |
|
|
|a New Delhi
|b South Asia Publications
|c 1994
|
| 300 |
|
|
|a xi, 157 p.
|b tab.
|c 21 cm
|
| 504 |
|
|
|a Includes bibliography and index
|
| 650 |
|
4 |
|a Εσωτερικός έλεγχος
|9 5414
|
| 650 |
|
4 |
|a Διοίκηση και οργάνωση
|9 53
|
| 852 |
|
|
|a GR-PaULI
|b ΠΑΤΡΑ
|b ΒΚΠ
|b ΒΣ1
|k ΑΣΧΞ
|h 657.458 ΜΑΙ
|m 100885
|p 025000182803
|t 1
|
| 942 |
|
|
|2 ddc
|c BK15
|
| 952 |
|
|
|0 0
|1 0
|4 0
|6 657_458000000000000_ΜΑΙ
|7 0
|9 91082
|a LISP
|b LISP
|c BSC
|d 2016-04-24
|i 100885
|l 0
|o 657.458 ΜΑΙ
|p 025000182803
|r 2016-04-24 00:00:00
|t 1
|w 2016-04-24
|y BK15
|
| 998 |
|
|
|c ΜΠΟΥΡΑΣ
|d 2010-05
|
| 999 |
|
|
|c 61058
|d 61058
|